Personaggi dell'universo di Paperino - Statistics

Statistiche generali
  • Questo quiz è stato fatto 469 volte
  • Il punteggio medio è 13 su 32
Statistiche sulle risposte
Personaggio % Corretto
Paperon de’ Paperoni
97%
Paperina
94%
Paperino
89%
Qui, Quo, Qua
88%
Gastone Paperone
84%
Paperoga
82%
Nonna Papera
78%
Archimede Pitagorico
74%
Banda Bassotti
62%
Amelia
61%
Ciccio dell’Oca
61%
John D. Rockerduck
54%
Brigitta McBridge
44%
Battista
42%
Edi
41%
Pico De Paperis
40%
Filo Sganga
23%
Anacleto Mitraglia
22%
Emily Paperett
18%
Paperetta Yè Yè
17%
Dinamite Bla
16%
Gennarino
15%
Lusky
15%
Bum Bum Ghigno
12%
Emy, Ely, Evy
12%
Sgrizzo Papero
11%
Gran Mogol
9%
Malachia
9%
Cornelius Coot
8%
Umperio Bogarto
8%
Doretta Doremì
7%
Cuoredipietra Famedoro
5%
Nessun quiz corrispondente trovato
Distribuzione punteggi
Percentuale di utenti per punteggio
Percentile per numero di risposta
I tuoi punteggi nel tempo
Non hai fatto questo quiz